Зерносушение и зерносушилки (Запись № 8307401)

Подробности
000 -МАРКЕР
контрольное поле 01502nam0a22003371 4500
001 - ИДЕНТИФИКАТОР ЗАПИСИ
контрольное поле rc\4359680
005 - ИДЕНТИФИКАТОР ВЕРСИИ
контрольное поле 20220721162715.0
021 ## - НОМЕР ГОСУДАРСТВЕННОЙ РЕГИСТРАЦИИ
Код страны Российская Федерация
Номер [58-49658]
035 ## - ДРУГИЕ СИСТЕМНЫЕ НОМЕРА
Идентификатор записи (NLR Aleph) 008534319
100 ## - ДАННЫЕ ОБЩЕЙ ОБРАБОТКИ
Данные общей обработки 20130416d1958 |||y0rusy50 ca
101 0# - ЯЗЫК РЕСУРСА
Язык текста, звукозаписи и т.д. русский
102 ## - СТРАНА ПУБЛИКАЦИИ ИЛИ ПРОИЗВОДСТВА
Страна публикации Российская Федерация
105 ## - ПОЛЕ КОДИРОВАННЫХ ДАННЫХ: ТЕКСТОВЫЕ МАТЕРИАЛЫ, МОНОГРАФИЧЕСКИЕ
Кодированные данные о монографическом текстовом документе a z |||||
200 1# - ЗАГЛАВИЕ И СВЕДЕНИЯ ОБ ОТВЕТСТВЕННОСТИ
Основное заглавие Зерносушение и зерносушилки
Сведения, относящиеся к заглавию Учеб. пособие для вузов пищевой пром-сти
Первые сведения об ответственности Под ред. проф. д-ра техн. наук А.С. Гинзбурга
205 ## - СВЕДЕНИЯ ОБ ИЗДАНИИ
Сведения об издании 3-е изд., перераб. и доп.
210 ## - ПУБЛИКАЦИЯ, РАСПРОСТРАНЕНИЕ И ДР.
Место издания, распространения и т.д. Москва
Имя издателя, распространителя и т. д. Хлебоиздат
Дата издания, распространения и т.д. 1958
215 ## - ФИЗИЧЕСКАЯ ХАРАКТЕРИСТИКА
Специфическое обозначение материала и объем 323 с.,1 л. диагр.
Другие сведения о физической характеристике ил.
Размеры 23
300 ## - ОБЩИЕ ПРИМЕЧАНИЯ
Текст примечания Перед загл. авт.: А.П. Гержой, канд. техн. наук, В.Ф. Самочетов, инж.
320 ## - ПРИМЕЧАНИЯ О НАЛИЧИИ В ДОКУМЕНТЕ БИБЛИОГРАФИИ / УКАЗАТЕЛЯ
Текст примечания Библиогр.: с. 302-308 (197 назв.)
606 ## - НАИМЕНОВАНИЕ ТЕМЫ КАК ПРЕДМЕТ
Наименование темы Зерносушилки
Формальный подзаголовок Учебники и пособия
Код системы psbo
606 ## - НАИМЕНОВАНИЕ ТЕМЫ КАК ПРЕДМЕТ
Наименование темы Зерно
Тематический подзаголовок Сушка
Формальный подзаголовок Учебники и пособия
Код системы psbo
700 #1 - ИМЯ ЛИЦА - ПЕРВИЧНАЯ ОТВЕТСТВЕННОСТЬ
Начальный элемент ввода Гержой
Часть имени, кроме начального элемента ввода А. П.
Расширение инициалов личного имени Аркадий Петрович
701 #1 - ИМЯ ЛИЦА - АЛЬТЕРНАТИВНАЯ ОТВЕТСТВЕННОСТЬ
Начальный элемент ввода Самочетов
Часть имени, кроме начального элемента ввода В. Ф.
Расширение инициалов личного имени Виктор Федорович
702 #1 - ИМЯ ЛИЦА - ВТОРИЧНАЯ ОТВЕТСТВЕННОСТЬ
Начальный элемент ввода Гинзбург
Часть имени, кроме начального элемента ввода А. С.
Дополнения к именам, кроме дат д-р техн. наук
Даты 1911-1996
Расширение инициалов личного имени Абрам Соломонович
Идентификатор авторитетной/нормативной записи RU\NLR\AUTH\770244622
Код отношения Редактор
801 #0 - ИСТОЧНИК ЗАПИСИ
Страна Российская Федерация
Организация NLR
Правила каталогизации psbo
801 #1 - ИСТОЧНИК ЗАПИСИ
Страна Российская Федерация
Организация ELAR
Источник данных rusmarc
852 ## - МЕСТОНАХОЖДЕНИЕ И ШИФР ХРАНЕНИЯ
Идентификатор организации NLR
Шифр хранения (Call Number) 58-5/3506
942 ## - ДОПОЛНИТЕЛЬНЫЕ ЭЛЕМЕНТЫ ЗАПИСИ (АБИС)
Тип экземпляра АБИС Книга
980 ## - КОЛЛЕКЦИЯ
Название коллекции Национальная библиография
Экземпляры
Тип экземпляра Дата поступления Библиотека постоянного хранения Библиотека текущего хранения Место хранения Шифр хранения Штрих-код Статус экземпляра
Книга 26.10.2013 РНБ (Московский) РНБ (Московский) Русский книжный фонд: издания с 1957 года 58-5/3506 8534319-10